000 00267nam a2200121Ia 4500
008 221030s9999 xx 000 0 und d
041 _aEnglish
082 _a105.23
_bBE
245 0 _aElectronics Projects Vol. 20
_bCD
260 _c2005
650 _aBook
942 _cCD
999 _c5995
_d5995